[Event "Crema op 16th"]
[Site "Crema"]
[Date "2015.09.04"]
[Round "2"]
[White "Colombo, Luca"]
[Black "Biava, Pierluigi"]
[Result "1-0"]
[WhiteElo "1836"]
[BlackElo "1572"]
[PlyCount "61"]
[EventDate "2015.09.04"]
[EventType "swiss"]
[EventRounds "6"]
[EventCountry "ITA"]
[SourceTitle "EXT 2024"]
[Source "ChessBase"]
[SourceDate "2023.10.10"]
[SourceVersion "1"]
[SourceVersionDate "2023.10.10"]
[SourceQuality "1"]

1. e4 Nf6 2. e5 Nd5 3. d4 d6 4. Nf3 Bf5 5. Nh4 Bd7 6. Bc4 Nb6 7. Bb3 dxe5 8. dxe5 Nc6 9. Nf3 Bg4 10. Bxf7+ Kxf7 11. Ng5+ Ke8 12. Qxg4 Nxe5 13. Qe4 Qd5 14. Nc3 Qxe4+ 15. Ncxe4 h6 16. Ne6 Kd7 17. N4c5+ Kc6 18. Bf4 Ng6 19. Bg3 Nd7 20. Nxd7 Kxd7 21. Nxc7 Rc8 22. 0-0-0+ Kc6 23. Ne6 h5 24. h4 Rh6 25. Rhe1 Nh8 26. Re3 b6 27. Rc3+ Kb7 28. Rd7+ Ka6 29. Ra3+ Kb5 30. Nd4+ Kb4 31. Rb3+ 1-0

[Event "Ceriano Laghetto op-B 24th"]
[Site "Ceriano Laghetto"]
[Date "2015.03.07"]
[Round "3"]
[White "Colombo, Luca"]
[Black "Milanesi, Erminio"]
[Result "0-1"]
[WhiteElo "1837"]
[BlackElo "1776"]
[PlyCount "136"]
[EventDate "2015.03.06"]
[EventType "swiss"]
[EventRounds "5"]
[EventCountry "ITA"]
[SourceTitle "EXT 2017"]
[Source "ChessBase"]
[SourceDate "2016.10.25"]
[SourceVersion "1"]
[SourceVersionDate "2016.10.25"]
[SourceQuality "1"]

1. e4 g6 2. d4 Nh6 3. Nc3 f6 4. Nf3 Nf7 5. Bc4 e6 6. Be3 d6 7. 0-0 Bg7 8. Qe2 0-0 9. Rad1 c6 10. a4 a5 11. Nd2 Na6 12. Bb3 d5 13. exd5 exd5 14. Nf3 Re8 15. Qd2 Bg4 16. Na2 Bxf3 17. gxf3 Nd6 18. c3 Nc4 19. Bxc4 dxc4 20. d5 c5 21. d6 Qd7 22. Qd5+ Kh8 23. Qxc4 b6 24. Nc1 Nb8 25. Ne2 Nc6 26. Qb5 Ne5 27. Qxd7 Nxd7 28. Nf4 Rad8 29. Nd5 Kg8 30. Nc7 Re5 31. Rfe1 Bf8 32. Kg2 Kf7 33. Bf4 Rxe1 34. Rxe1 g5 35. Bg3 h6 36. Kf1 Ne5 37. Bxe5 fxe5 38. Nd5 Rxd6 39. Rxe5 Bg7 40. Rf5+ Ke6 41. Ne3 Rd3 42. Rxc5 bxc5 43. Nc4 Rd1+ 44. Ke2 Rh1 45. Nxa5 Be5 46. Nc4 Bb8 47. b4 cxb4 48. cxb4 Rxh2 49. b5 Rh4 50. Kd3 Kd5 51. Nb6+ Kd6 52. a5 Rb4 53. Nc4+ Kc5 54. Nb6 Rxb5 55. Nd7+ Kd6 56. Nf6 Rxa5 57. Ke4 Ke6 58. Nh5 Be5 59. f4 Ra4+ 60. Kf3 Rxf4+ 61. Nxf4+ Bxf4 62. Kg4 Kf6 63. Kh3 Kf5 64. f3 h5 65. Kg2 Ke5 66. Kf2 Kd4 67. Kf1 Ke3 68. Kg2 Be5 0-1

[Event "Ceriano Laghetto op-B 24th"]
[Site "Ceriano Laghetto"]
[Date "2015.03.06"]
[Round "1"]
[White "Colombo, Luca"]
[Black "Squillante, Michele"]
[Result "1-0"]
[WhiteElo "1837"]
[BlackElo "1710"]
[PlyCount "73"]
[EventDate "2015.03.06"]
[EventType "swiss"]
[EventRounds "5"]
[EventCountry "ITA"]
[SourceTitle "EXT 2017"]
[Source "ChessBase"]
[SourceDate "2016.10.25"]
[SourceVersion "1"]
[SourceVersionDate "2016.10.25"]
[SourceQuality "1"]

1. e4 c6 2. d4 d5 3. exd5 cxd5 4. Bd3 Nc6 5. c3 Nf6 6. Bf4 e6 7. Nd2 Bd6 8. Bxd6 Qxd6 9. Ngf3 e5 10. dxe5 Nxe5 11. Bb5+ Bd7 12. Bxd7+ Nfxd7 13. 0-0 0-0 14. Nd4 Nf6 15. Qb3 Rfe8 16. Rae1 Qd7 17. Qc2 Nc4 18. N4f3 Rxe1 19. Rxe1 Re8 20. Rxe8+ Qxe8 21. Nf1 Qe4 22. Qc1 Ne5 23. Nxe5 Qxe5 24. Ne3 b5 25. Qf1 a6 26. Nc2 Qd6 27. Qd3 Ng4 28. g3 Ne5 29. Qe2 Kf8 30. Qh5 h6 31. Qf5 g6 32. Qc8+ Kg7 33. Nd4 Qf6 34. f4 Nc4 35. b3 Ne3 36. Qe8 Nd1 37. Qe1 1-0

[Event "Crema op 15th"]
[Site "Crema"]
[Date "2013.08.31"]
[Round "3"]
[White "Colombo, Luca"]
[Black "Palma, Maria"]
[Result "1/2-1/2"]
[WhiteElo "1879"]
[BlackElo "1646"]
[PlyCount "84"]
[EventDate "2013.08.30"]
[EventType "swiss"]
[EventRounds "6"]
[EventCountry "ITA"]
[SourceTitle "EXT 2015"]
[Source "ChessBase"]
[SourceDate "2014.11.20"]
[SourceVersion "1"]
[SourceVersionDate "2014.11.20"]
[SourceQuality "1"]

1. e4 e5 2. Nf3 Nc6 3. Bb5 Bc5 4. 0-0 Qf6 5. Bxc6 dxc6 6. d3 Bg4 7. Nbd2 Ne7 8. h3 Be6 9. Nb3 Bd6 10. Re1 h6 11. d4 Ng6 12. dxe5 Nxe5 13. Nxe5 Bxe5 14. c3 Qg6 15. Qf3 0-0-0 16. Nc5 Bc4 17. b3 Be6 18. Qe3 b6 19. Na4 Qh5 20. Bb2 g5 21. c4 Bxb2 22. Nxb2 g4 23. hxg4 Bxg4 24. Nd3 Rhg8 25. Nf4 Qg5 26. g3 h5 27. Ng2 Rd2 28. Qxg5 Rxg5 29. Nh4 b5 30. Rec1 Re2 31. cxb5 cxb5 32. Rc6 Bd7 33. Rf6 Be6 34. Rf4 Rg4 35. Rxg4 hxg4 36. f3 gxf3 37. Nxf3 Rxe4 38. Kf2 Bg4 39. Rc1 Bxf3 40. Kxf3 Rd4 41. Ke3 Rg4 42. Kf3 Rd4 1/2-1/2

[Event "Milan SSM op"]
[Site "Milan"]
[Date "2013.07.07"]
[Round "4"]
[White "Colombo, Luca"]
[Black "Pelizzola, Danilo"]
[Result "0-1"]
[WhiteElo "1874"]
[BlackElo "2082"]
[PlyCount "144"]
[EventDate "2013.07.04"]
[EventType "swiss"]
[EventRounds "5"]
[EventCountry "ITA"]
[SourceTitle "EXT 2015"]
[Source "ChessBase"]
[SourceDate "2014.11.20"]
[SourceVersion "1"]
[SourceVersionDate "2014.11.20"]
[SourceQuality "1"]

1. e4 e5 2. Nf3 Nc6 3. Bb5 a6 4. Bxc6 dxc6 5. d4 exd4 6. Qxd4 Qxd4 7. Nxd4 Bd7 8. Be3 Ne7 9. Nc3 f6 10. 0-0 Ng6 11. f4 0-0-0 12. Nf3 Re8 13. a3 Bd6 14. Nd2 h5 15. Rae1 Bf8 16. Nb3 b6 17. Bc1 Bd6 18. Be3 a5 19. Nd2 Kb7 20. Nc4 Be7 21. f5 Ne5 22. Nxe5 fxe5 23. Nb1 Kb8 24. Nd2 Bc8 25. Nf3 Bf6 26. Bg5 Bb7 27. Kf2 a4 28. Rd1 Rd8 29. Ke3 Rd6 30. Rd3 Ba6 31. Rxd6 cxd6 32. Rd1 Kc7 33. Bxf6 gxf6 34. Nh4 Bc4 35. Rd2 Rg8 36. Rf2 d5 37. exd5 cxd5 38. Nf3 Kd6 39. c3 Bb5 40. Nh4 Rg5 41. g3 Bd7 42. Kd3 Kc5 43. Ke3 Kc4 44. Kd2 Kc5 45. Kd3 Kd6 46. Ke3 Rg4 47. Kd3 Re4 48. Ng6 Re1 49. Kd2 Rb1 50. Kc2 Rh1 51. Nh4 Bb5 52. Kd2 Bc4 53. Ke3 Rd1 54. Rd2 Rh1 55. Rf2 Ba2 56. Ng6 Bb1 57. Kd2 Be4 58. Nh4 b5 59. Ng6 Rb1 60. Ke3 Rd1 61. Ke2 Rc1 62. Ke3 Rb1 63. Nh4 Ke7 64. Rd2 Rf1 65. Ng6+ Kd6 66. Nh4 Bxf5 67. Rf2 d4+ 68. cxd4 exd4+ 69. Kf3 Be4+ 70. Ke2 Rxf2+ 71. Kxf2 Kc5 72. Ke2 Kc4 0-1

[Event "Milan SSM op"]
[Site "Milan"]
[Date "2013.07.07"]
[Round "5"]
[White "Spelta, Andrea"]
[Black "Colombo, Luca"]
[Result "0-1"]
[WhiteElo "1762"]
[BlackElo "1874"]
[PlyCount "102"]
[EventDate "2013.07.04"]
[EventType "swiss"]
[EventRounds "5"]
[EventCountry "ITA"]
[SourceTitle "EXT 2015"]
[Source "ChessBase"]
[SourceDate "2014.11.20"]
[SourceVersion "1"]
[SourceVersionDate "2014.11.20"]
[SourceQuality "1"]

1. Nf3 Nf6 2. g3 d6 3. Bg2 g6 4. 0-0 Bg7 5. d3 0-0 6. e4 Nc6 7. h3 e5 8. Be3 Be6 9. Ng5 Bd7 10. Qd2 Ne7 11. c4 c5 12. Nf3 Ne8 13. Bh6 f5 14. Nc3 Nc7 15. Rab1 a5 16. b3 fxe4 17. dxe4 Bxh3 18. Bxh3 Rxf3 19. Bxg7 Kxg7 20. Bg4 Rf6 21. Kg2 Nc6 22. Rh1 h5 23. Nd5 Nxd5 24. cxd5 Nd4 25. Bd1 Qh8 26. g4 h4 27. Qg5 Qh6 28. Qxh6+ Kxh6 29. Rxh4+ Kg7 30. g5 Rf7 31. Bg4 Rh8 32. Rxh8 Kxh8 33. Rh1+ Kg7 34. Bd1 b5 35. Rh3 Rc7 36. Rc3 b4 37. Rc4 Nb5 38. a4 bxa3 39. Ra4 Nc3 40. Rxa3 Nxd1 41. Rxa5 Rf7 42. f3 Ne3+ 43. Kg3 Nc2 44. Ra6 Rd7 45. Rb6 Nd4 46. Kf2 Kf7 47. Ke3 Ke7 48. f4 exf4+ 49. Kxf4 Ne2+ 50. Ke3 Nd4 51. Kd3 Nf3 0-1

[Event "Como Province-ch"]
[Site "Villa Guardia"]
[Date "2013.01.20"]
[Round "2"]
[White "Colombo, Luca"]
[Black "Buonocore, Elio"]
[Result "0-1"]
[WhiteElo "1880"]
[BlackElo "2189"]
[PlyCount "40"]
[EventDate "2013.01.19"]
[EventType "swiss"]
[EventRounds "6"]
[EventCountry "ITA"]
[SourceTitle "EXT 2014"]
[Source "ChessBase"]
[SourceDate "2013.11.20"]
[SourceVersion "1"]
[SourceVersionDate "2013.11.20"]
[SourceQuality "1"]

1. e4 c5 2. Nc3 Nc6 3. g3 g6 4. d3 Bg7 5. Be3 d6 6. Bg2 e5 7. Qd2 Nge7 8. Bh6 0-0 9. h4 Bxh6 10. Qxh6 f6 11. Nge2 Nd4 12. 0-0-0 Bg4 13. Rde1 Qa5 14. Kb1 b5 15. Nxd4 cxd4 16. Ne2 Be6 17. b3 Rac8 18. Kb2 Rxc2+ 19. Kxc2 Qxa2+ 20. Kd1 Bxb3+ 0-1

[Event "Vimercate op 6th"]
[Site "Vimercate"]
[Date "2012.11.24"]
[Round "2"]
[White "Colombo, Luca"]
[Black "Marholev, Dimitar"]
[Result "0-1"]
[WhiteElo "1884"]
[BlackElo "2313"]
[PlyCount "102"]
[EventDate "2012.11.23"]
[EventType "swiss"]
[EventRounds "5"]
[EventCountry "ITA"]
[SourceTitle "CBM 151 Extra"]
[Source "ChessBase"]
[SourceDate "2012.12.18"]
[SourceVersion "1"]
[SourceVersionDate "2012.12.18"]
[SourceQuality "1"]

1. e4 e5 2. Nf3 Nc6 3. Bb5 g6 4. 0-0 Bg7 5. c3 a6 6. Bxc6 dxc6 7. h3 c5 8. d3 Ne7 9. Be3 b6 10. d4 cxd4 11. cxd4 exd4 12. Bxd4 Bxd4 13. Qxd4 Qxd4 14. Nxd4 Bb7 15. Nc3 0-0-0 16. Rad1 c5 17. Nc2 f5 18. exf5 Nxf5 19. Rfe1 b5 20. Rxd8+ Rxd8 21. Rd1 Rxd1+ 22. Nxd1 Kc7 23. Kf1 Bd5 24. a3 Bb3 25. Nde3 a5 26. Ke2 Nd6 27. Kd3 Kc6 28. Ne1 a4 29. Nf3 Nc4 30. Nxc4 Bxc4+ 31. Kc3 Bf1 32. Ne1 g5 33. Nf3 h6 34. Ne5+ Kd6 35. Nf7+ Ke6 36. Nxh6 Bxg2 37. Ng4 Bxh3 38. Ne3 Ke5 39. Kd3 Be6 40. Ng2 Bd5 41. Ne3 Be4+ 42. Kd2 Kd4 43. Nd1 b4 44. Ne3 Bg6 45. Nd1 Kc4 46. Ne3+ Kb3 47. axb4 cxb4 48. Kc1 a3 49. bxa3 bxa3 50. Nf1 a2 51. Nd2+ Kc3 0-1

[Event "Milan SSM op"]
[Site "Milan"]
[Date "2012.07.31"]
[Round "6"]
[White "Colombo, Luca"]
[Black "Margstahler, Francesco"]
[Result "1/2-1/2"]
[WhiteElo "1887"]
[BlackElo "1787"]
[PlyCount "94"]
[EventDate "2012.07.27"]
[EventType "swiss"]
[EventRounds "7"]
[EventCountry "ITA"]
[SourceTitle "EXT 2014"]
[Source "ChessBase"]
[SourceDate "2013.11.20"]
[SourceVersion "1"]
[SourceVersionDate "2013.11.20"]
[SourceQuality "1"]

1. e4 c6 2. d4 d5 3. exd5 cxd5 4. Bd3 Nc6 5. c3 Qc7 6. Nf3 Bg4 7. Nbd2 e6 8. Nf1 Nf6 9. Ng3 Be7 10. h3 Bxf3 11. Qxf3 0-0 12. Bg5 e5 13. Bxf6 e4 14. Qg4 Bxf6 15. Nh5 Qd6 16. Be2 g6 17. Nxf6+ Qxf6 18. 0-0 Qd6 19. Qg5 Kg7 20. Qe3 f5 21. f4 Rac8 22. g4 Ne7 23. g5 a6 24. h4 b5 25. a3 Nc6 26. Rf2 Na5 27. Rh2 Nc4 28. Bxc4 bxc4 29. h5 Rh8 30. Kf2 Rb8 31. Qd2 Rbe8 32. Ke3 Qb6 33. Rah1 Qb8 34. Qd1 Qb5 35. Qe2 a5 36. Qg2 Qc6 37. hxg6 hxg6 38. Rh6 Rxh6 39. Rxh6 Rh8 40. Qg3 Rxh6 41. gxh6+ Kxh6 42. Qg5+ Kg7 43. Qe7+ Kg8 44. Qd8+ Kg7 45. Qxa5 Qb7 46. Qb4 Qxb4 47. cxb4 Kf7 1/2-1/2

[Event "Milan SSM op"]
[Site "Milan"]
[Date "2012.07.27"]
[Round "1"]
[White "Moroni, Luca Jr"]
[Black "Colombo, Luca"]
[Result "1-0"]
[WhiteElo "2128"]
[BlackElo "1887"]
[PlyCount "107"]
[EventDate "2012.07.27"]
[EventType "swiss"]
[EventRounds "7"]
[EventCountry "ITA"]
[SourceTitle "EXT 2014"]
[Source "ChessBase"]
[SourceDate "2013.11.20"]
[SourceVersion "1"]
[SourceVersionDate "2013.11.20"]
[SourceQuality "1"]

1. Nf3 c5 2. e4 Nc6 3. d4 cxd4 4. Nxd4 g6 5. Nc3 d6 6. Be3 Nf6 7. Bc4 Bg7 8. Qd2 Ng4 9. Nxc6 bxc6 10. Bg5 h6 11. Bh4 Ne5 12. Bb3 Ba6 13. 0-0-0 0-0 14. f4 Nc4 15. Bxc4 Bxc4 16. e5 d5 17. Qd4 Qc7 18. Qc5 e6 19. Be7 Rfe8 20. Bd6 Qb6 21. b3 Qxc5 22. Bxc5 Bb5 23. a4 Ba6 24. Na2 Bb7 25. Nb4 a5 26. Nd3 Ba6 27. Kb2 Bxd3 28. Rxd3 Bf8 29. Rc3 Rec8 30. Rd1 Bxc5 31. Rxc5 Kf8 32. Ka3 Ke7 33. c3 Kd7 34. b4 axb4+ 35. cxb4 Rc7 36. g4 Rca7 37. a5 Rb7 38. Rdc1 Rc8 39. R1c3 Rb5 40. Kb3 Rcb8 41. Rxb5 Rxb5 42. Ka4 Kc7 43. Rh3 d4 44. Rd3 Rd5 45. Kb3 c5 46. b5 Kb7 47. Kc4 Kc7 48. Ra3 Kb7 49. a6+ Ka7 50. b6+ Ka8 51. Rd3 Kb8 52. Rf3 Kc8 53. Ra3 Kb8 54. a7+ 1-0

[Event "Lugano New op 6th"]
[Site "Lugano"]
[Date "2012.04.08"]
[Round "4"]
[White "Colombo, Luca"]
[Black "Cocconcelli, Lorenzo"]
[Result "1/2-1/2"]
[WhiteElo "1887"]
[BlackElo "1964"]
[PlyCount "94"]
[EventDate "2012.04.06"]
[EventType "swiss"]
[EventRounds "6"]
[EventCountry "SUI"]
[SourceTitle "CBM 148 Extra"]
[Source "ChessBase"]
[SourceDate "2012.06.22"]
[SourceVersion "1"]
[SourceVersionDate "2012.06.22"]
[SourceQuality "1"]

1. e4 e6 2. d4 d5 3. e5 c5 4. c3 Nc6 5. Nf3 Qb6 6. a3 c4 7. Nbd2 Na5 8. Rb1 Bd7 9. b4 cxb3 10. c4 Ba4 11. cxd5 exd5 12. Bb2 Ne7 13. Bd3 g6 14. 0-0 Bg7 15. Qe2 0-0 16. h4 Rac8 17. Rbc1 Bd7 18. Nh2 Bf5 19. g4 Bxd3 20. Qxd3 Rc2 21. Rxc2 bxc2 22. Qxc2 Rc8 23. Qb1 Nc4 24. Nxc4 Rxc4 25. Rc1 Rxc1+ 26. Qxc1 Nc6 27. Nf3 Bf8 28. Qc2 Qb5 29. a4 Qb3 30. h5 Qb6 31. hxg6 hxg6 32. e6 Nd8 33. exf7+ Nxf7 34. Ne5 Nxe5 35. dxe5 Qe6 36. Qe2 Bh6 37. Kg2 a6 38. Ba3 Bf8 39. Bxf8 Kxf8 40. Kg3 Qd7 41. Qc2 Kg7 42. f4 d4 43. Qc4 d3 44. e6 Qd8 45. Qc3+ Kh7 46. e7 Qxe7 47. Qxd3 Qe8 1/2-1/2

[Event "Lugano New op 6th"]
[Site "Lugano"]
[Date "2012.04.07"]
[Round "3"]
[White "Pinchetti, Andrea"]
[Black "Colombo, Luca"]
[Result "1/2-1/2"]
[WhiteElo "2017"]
[BlackElo "1887"]
[PlyCount "82"]
[EventDate "2012.04.06"]
[EventType "swiss"]
[EventRounds "6"]
[EventCountry "SUI"]
[SourceTitle "CBM 148 Extra"]
[Source "ChessBase"]
[SourceDate "2012.06.22"]
[SourceVersion "1"]
[SourceVersionDate "2012.06.22"]
[SourceQuality "1"]

1. f4 d5 2. Nf3 g6 3. e3 Bg7 4. Be2 Nf6 5. 0-0 0-0 6. d3 c5 7. a4 Nc6 8. Nc3 b6 9. e4 d4 10. Nb5 Ba6 11. h3 e6 12. g4 Ne7 13. Na3 Ne8 14. g5 h6 15. gxh6 Bxh6 16. Qe1 Nc6 17. Qg3 Kh7 18. Ng5+ Bxg5 19. fxg5 Kg7 20. Bf4 Qe7 21. Be5+ Nxe5 22. Qxe5+ f6 23. gxf6+ Rxf6 24. Rf3 Qd6 25. Qxd6 Nxd6 26. e5 Rxf3 27. Bxf3 Rf8 28. exd6 Rxf3 29. Nb5 Bxb5 30. axb5 Rf7 31. Re1 Rd7 32. Rxe6 Kf7 33. Re1 Rxd6 34. Ra1 Rd7 35. Kf2 Kf6 36. Kg3 Re7 37. Kg4 Kg7 38. Kg5 Re5+ 39. Kg4 Re7 40. Kg5 Re5+ 41. Kg4 Re7 1/2-1/2

[Event "Lugano New op 6th"]
[Site "Lugano"]
[Date "2012.04.06"]
[Round "1"]
[White "Botta, Gabriele"]
[Black "Colombo, Luca"]
[Result "1-0"]
[WhiteElo "2374"]
[BlackElo "1887"]
[PlyCount "111"]
[EventDate "2012.04.06"]
[EventType "swiss"]
[EventRounds "6"]
[EventCountry "SUI"]
[SourceTitle "CBM 148 Extra"]
[Source "ChessBase"]
[SourceDate "2012.06.22"]
[SourceVersion "1"]
[SourceVersionDate "2012.06.22"]
[SourceQuality "1"]

1. e4 c5 2. Nf3 d6 3. c3 Nc6 4. h3 Nf6 5. Bd3 g6 6. Bc2 Bg7 7. 0-0 0-0 8. d4 cxd4 9. cxd4 Bd7 10. Nc3 Rc8 11. Be3 Na5 12. Qe2 Nc4 13. Bb3 Nxe3 14. Qxe3 Qa5 15. e5 dxe5 16. dxe5 Rxc3 17. bxc3 Nd5 18. Bxd5 Qxd5 19. Rfd1 Qc6 20. Nd4 Qc4 21. Nb3 Qc7 22. Nc5 Bc6 23. e6 f5 24. Nd7 f4 25. Qxa7 Re8 26. Qb6 Qxb6 27. Nxb6 Bxc3 28. Rac1 Be5 29. Nd5 Bd6 30. h4 Kg7 31. Rc4 Rf8 32. a4 Rf5 33. Nc3 Kf6 34. Re1 f3 35. Ne4+ Bxe4 36. Rcxe4 fxg2 37. Kxg2 b6 38. R1e3 h6 39. Rf3 Rxf3 40. Kxf3 g5 41. hxg5+ hxg5 42. Kg4 Bc5 43. f3 Bd6 44. Re3 Bc5 45. Rc3 Kxe6 46. a5 Kd6 47. a6 Kc7 48. Kxg5 Kb8 49. Rc4 Ka7 50. Ra4 b5 51. Ra5 Bd6 52. Rxb5 Kxa6 53. Rb1 Ka5 54. Kf5 Ka6 55. Ke6 Ka5 56. Rb7 1-0

[Event "Vimercate op 5th"]
[Site "Vimercate"]
[Date "2011.11.26"]
[Round "3"]
[White "Colombo, Luca"]
[Black "Ferrari, Paolo"]
[Result "1/2-1/2"]
[WhiteElo "1884"]
[BlackElo "1711"]
[PlyCount "110"]
[EventDate "2011.11.25"]
[EventType "swiss"]
[EventRounds "5"]
[EventCountry "ITA"]
[SourceTitle "EXT 2014"]
[Source "ChessBase"]
[SourceDate "2013.11.20"]
[SourceVersion "1"]
[SourceVersionDate "2013.11.20"]
[SourceQuality "1"]

1. e4 c5 2. Nc3 Nc6 3. g3 Nf6 4. Bg2 e6 5. d3 d5 6. exd5 exd5 7. Qe2+ Be7 8. Bg5 0-0 9. Qd1 Re8 10. Nge2 h6 11. Bd2 d4 12. Ne4 Bf5 13. Nxf6+ Bxf6 14. 0-0 Qd7 15. Nf4 Rac8 16. h3 b5 17. g4 Bh7 18. Nh5 Qe7 19. Re1 Qd6 20. f4 Rxe1+ 21. Qxe1 g6 22. Ng3 Ne7 23. Ne4 Qe6 24. Qf2 Nd5 25. Nxf6+ Nxf6 26. b3 Qd7 27. Re1 c4 28. Bb4 Re8 29. Rxe8+ Nxe8 30. Bc5 cxd3 31. cxd3 a5 32. Qxd4 Qe6 33. Qe3 Qd7 34. d4 Nc7 35. d5 Nxd5 36. Bxd5 Qxd5 37. Qe8+ Kg7 38. Bf8+ Kh8 39. Bxh6+ Bg8 40. Qe5+ Qxe5 41. fxe5 a4 42. bxa4 bxa4 43. Bg5 f5 44. Bf6+ Kh7 45. a3 fxg4 46. hxg4 Be6 47. g5 Kg8 48. Kf2 Kf7 49. Ke3 Bf5 50. Kd4 Ke6 51. Kc3 Kd5 52. Kb4 Bc2 53. Kb5 Ke6 54. Kc6 Bf5 55. Kc5 Bc2 1/2-1/2